| 000 | 00450pab a2200169 454500 | ||
|---|---|---|---|
| 008 | 180718b2010 xxu||||| |||| 00| 0 eng d | ||
| 100 | _aBeyene, Fekadu | ||
| 245 | _aCustomary tenure and reciprocal grazing arrangements in Eastern Ethiopia | ||
| 260 | _c2010 | ||
| 300 | _ap.107-29. | ||
| 362 | _aJul | ||
| 650 | _aGrazing land - Eastern Ethiopia | ||
| 650 | _aGrazing land | ||
| 773 | _aDevelopment and Change | ||
| 908 | _aN | ||
| 909 | _a86129 | ||
| 999 |
_c86129 _d86129 |
||